000 01185pam a2200325 a 4500
001 1935032
003 OSt
005 20180116192416.0
008 870915s1989 deua b s001 0 eng
010 _a 86040619
020 _a0874133203 (alk. paper)
020 _a9780874133202
040 _aDLC
_cDLC
_dDLC
043 _an-us-de
_an-us-md
_an-us-va
050 0 0 _aE78.D54
_bC87 1989
082 0 0 _a975.101
_219
100 1 _aCuster, Jay F.,
_d1955-
_96690
245 1 0 _aPrehistoric cultures of the Delmarva Peninsula :
_ban archaeological study /
_cJay F. Custer.
260 _aNewark :
_bUniversity of Delaware Press ;
_aLondon :
_bAssociated University Presses,
_cc1989.
300 _a446 p. :
_bill. ;
_c25 cm.
500 _aIncludes index.
504 _aBibliography: p. 384-429.
650 0 _aIndians of North America
_zDelmarva Peninsula
_xAntiquities.
_96691
650 0 _aIndians of North America
_zDelaware
_xAntiquities.
_96692
651 0 _aDelmarva Peninsula
_xAntiquities.
_96693
651 0 _aDelaware
_xAntiquities.
_96694
906 _a7
_bcbc
_corignew
_d1
_eocip
_f19
_gy-gencatlg
942 _2ddc
_cBK
999 _c353734
_d353734